00884nam a2200193Ia 4500003000500000005001700005008004100022020001800063050002200081100001900103245005700122250001200179260004900191300003400240500004300274520030600317650002600623650004100649PILC20150722103553.0140512s9999 xx 000 0 und d a9780199138777 aQC 21b.P828 2010 aPople, Stephen aComplete physics for Cambridge IGCSE cStephen Pople a2nd ed. aNew York :bOxford University Press,cc2010. a336 p. :bcol. Ill. ;c28 cm. aIncludes Reference, Answers, and Index aThis second edition provides full coverage of the most recent Cambridge IGCSE syllabus in a highly illustrative and accessible way. It also comes with a free CD, including additional exam style questions, interactive exercises and revision tips. Fully endorsed by Cambridge International Examinations. aPhysicsxExaminations aPhysicsxExaminations -- Study guide